| 000 | 00647nam a2200253Ia 4500 | ||
|---|---|---|---|
| 003 | OSt | ||
| 005 | 20220918163329.0 | ||
| 006 | a|||||r|||| 00| 0 | ||
| 007 | ta | ||
| 008 | 220917b |||||||| |||| 00| 0 eng d | ||
| 020 | _a0 571 10692 7 | ||
| 024 | _a29,553 | ||
| 037 | _cTextual | ||
| 040 |
_aARTS _cARTS _beng |
||
| 041 |
_2eng _aeng |
||
| 082 | _aO111,3N22,5, L5 | ||
| 100 |
_aLarkin P. _912702 |
||
| 245 | 0 | _aGirl in winter | |
| 260 |
_aLondon _bFaber and Faber UK _c1975 |
||
| 300 |
_a248p. _ccm. |
||
| 650 | _aENGLISH LITERATURE | ||
| 942 |
_hO111,3N22,5, L5 _cTEXL _2CC |
||
| 999 |
_c119127 _d119127 |
||